| 000 | 00413nam a2200145Ia 4500 | ||
|---|---|---|---|
| 008 | 151015s9999 xx 000 0 und d | ||
| 020 | _a9.7803939289e+012 | ||
| 050 | _aMT90 .M23 2007 | ||
| 245 | _aForney,Kristine | ||
| 250 | _a_The enjoyment of Music Kristine Forney | ||
| 300 | _aNew York W.W.Norton & company 2007 | ||
| 500 | _aIncludes index. | ||
| 650 | _a_Music | ||
| 700 | _a^d20130604 04:43:32^oanne | ||
| 999 |
_c5095 _d5095 |
||